The Material Culture of Steamboat Passengers Archaeological Evidence from the Missouri River /

For many years, one of my favorite classroom devices in historical archaeology was to ask the students to imagine that they had to make the choice between saving—from some unnamed calamity—all master’s theses or all doctoral disser tations in anthropology, but not both. Like good students, they usua...

Πλήρης περιγραφή

Λεπτομέρειες βιβλιογραφικής εγγραφής
Κύριος συγγραφέας: Corbin, Annalies (Συγγραφέας)
Συγγραφή απο Οργανισμό/Αρχή: SpringerLink (Online service)
Μορφή: Ηλεκτρονική πηγή Ηλ. βιβλίο
Γλώσσα:English
Έκδοση: Boston, MA : Springer US, 2002.
Σειρά:The Plenum Series in Underwater Archaeology,
Θέματα:
Διαθέσιμο Online:Full Text via HEAL-Link
LEADER 03059nam a22004935i 4500
001 978-0-306-47171-1
003 DE-He213
005 20151204151129.0
007 cr nn 008mamaa
008 100301s2002 xxu| s |||| 0|eng d
020 |a 9780306471711  |9 978-0-306-47171-1 
024 7 |a 10.1007/b109891  |2 doi 
040 |d GrThAP 
050 4 |a CC1-960 
072 7 |a HD  |2 bicssc 
072 7 |a SOC003000  |2 bisacsh 
082 0 4 |a 930.1  |2 23 
100 1 |a Corbin, Annalies.  |e author. 
245 1 4 |a The Material Culture of Steamboat Passengers  |h [electronic resource] :  |b Archaeological Evidence from the Missouri River /  |c by Annalies Corbin. 
264 1 |a Boston, MA :  |b Springer US,  |c 2002. 
300 |a XVII, 237 p. 58 illus.  |b online resource. 
336 |a text  |b txt  |2 rdacontent 
337 |a computer  |b c  |2 rdamedia 
338 |a online resource  |b cr  |2 rdacarrier 
347 |a text file  |b PDF  |2 rda 
490 1 |a The Plenum Series in Underwater Archaeology,  |x 1566-7758 
505 0 |a Introduction: Westward Expansion toward Fort Benton, Montana Territory -- The Steamboats Arabia and Bertrand -- Methodology -- Bertrand Box 74 -- Bertrand FPC-8 -- Bertrand MSC-128 -- Bertrand FSC-234 -- Arabia Carpenter’s Box -- Quantitative Analysis -- Conclusions. 
520 |a For many years, one of my favorite classroom devices in historical archaeology was to ask the students to imagine that they had to make the choice between saving—from some unnamed calamity—all master’s theses or all doctoral disser tations in anthropology, but not both. Like good students, they usually looked to their Ph.D. holding professor and chose the dissertations. Much to their surprise, Iwouldrespondthatthetheseswould win withouteventakingtime to ponderthe issue. The issue is clearly one of often naïve and rarely eloquent theses full of good primary data versus sometimes more sophisticated and better written works full of irrelevant theory and meaningless statistics. Perhaps this is an overstate ment of the situation, but it is not too far offthe mark. The University Microfilms International efforts to make the titles of disser tations in North America and the English speaking portions of Europe available through Dissertation Abstracts is commendable. With only one minor exception, dissertations in historical and underwater archaeology in the United States are to be found listed in Dissertation Abstracts and thus are available for purchase. 
650 0 |a Social sciences. 
650 0 |a History. 
650 0 |a Anthropology. 
650 0 |a Archaeology. 
650 1 4 |a Social Sciences. 
650 2 4 |a Archaeology. 
650 2 4 |a Anthropology. 
650 2 4 |a History, general. 
710 2 |a SpringerLink (Online service) 
773 0 |t Springer eBooks 
776 0 8 |i Printed edition:  |z 9780306461682 
830 0 |a The Plenum Series in Underwater Archaeology,  |x 1566-7758 
856 4 0 |u http://dx.doi.org/10.1007/b109891  |z Full Text via HEAL-Link 
912 |a ZDB-2-SHU 
912 |a ZDB-2-BAE 
950 |a Humanities, Social Sciences and Law (Springer-11648)